[Event "17. Int. Offene Wiener Schachmeisterschaft 2011 A-
[Site "Grosser Festsaal im Wiener Rathaus"]
[Date "2011.08.15"]
[Round "3"]
[Board "1"]
[White "Polak, Tomas"]
[Black "Hartl, Daniel"]
[Result "1-0"]
[WhiteElo "2540"]
[BlackElo "2295"]
[PlyCount "69"]
[EventDate "2011.08.13"]
[EventRounds "9"]
[EventCountry "AUT"]

1.d4 d5 2.c4 c6 3.Nc3 dxc4 4.e4 b5 5.a4 b4 6.Na2 e6 7.Bxc4 Nf6 8.Bg5 Qa5 9.Bxf6
gxf6 10.Nf3 Ba6 11.Nd2 Qg5 12.O-O Bb7 13.Nf3 Qg4 14.Qb3 Rg8 15.g3 Nd7 16.a5 Rb8
17.Rfe1 h5 18.Kh1 Be7 19.Nh4 Rg7 20.Rad1 Qg5 21.a6 Ba8 22.f4 Qa5 23.Nc1 Nb6
24.Bf1 f5 25.Nd3 fxe4 26.Nc5 Nd5 27.Rxe4 Bxc5 28.dxc5 Qxc5 29.Bg2 Nf6 30.Re5 Qb6
31.Rxe6+ fxe6 32.Qxe6+ Re7 33.Qxf6 Qf2 34.Qh8+ Kf7 35.Qh7+ 1-0

[Event "17. Int. Offene Wiener Schachmeisterschaft 2011 A-
[Site "Grosser Festsaal im Wiener Rathaus"]
[Date "2011.08.15"]
[Round "3"]
[Board "1"]
[White "Hera, Imre"]
[Black "Van der Heijden, Ton"]
[Result "1-0"]
[WhiteElo "2536"]
[BlackElo "2287"]
[PlyCount "83"]
[EventDate "2011.08.13"]
[EventRounds "9"]
[EventCountry "AUT"]

1.c4 g6 2.Nc3 Bg7 3.g3 Nf6 4.Bg2 O-O 5.d4 d6 6.Nf3 Nbd7 7.O-O e5 8.h3 c6 9.e4
Qa5 10.Be3 exd4 11.Nxd4 Ne5 12.Nb3 Qa6 13.c5 Nc4 14.Bd4 dxc5 15.Nxc5 Qa5 16.Qe2
Ne5 17.Nb3 Qc7 18.f4 Ned7 19.e5 Nh5 20.Qf2 f5 21.Rac1 Qd8 22.Rfd1 Re8 23.g4 fxg4
24.hxg4 Nxf4 25.Qxf4 Qe7 26.e6 Qxe6 27.Re1 Qxe1+ 28.Rxe1 Rxe1+ 29.Kf2 Re8
30.Bxg7 Kxg7 31.Qc7 Re7 32.Ne4 Rf7+ 33.Kg3 Nf6 34.Qe5 Bxg4 35.Nxf6 Rxf6 36.Kxg4
Raf8 37.Nc5 h5+ 38.Kg3 Kh6 39.Ne6 R8f7 40.Qe3+ g5 41.Qxg5+ Kh7 42.Be4+ 1-0

[Event "17. Int. Offene Wiener Schachmeisterschaft 2011 A-
[Site "Grosser Festsaal im Wiener Rathaus"]
[Date "2011.08.15"]
[Round "3"]
[Board "1"]
[White "Wittmann, Walter"]
[Black "Ulibin, Mikhail"]
[Result "0-1"]
[WhiteElo "2295"]
[BlackElo "2538"]
[PlyCount "78"]
[EventDate "2011.08.13"]
[EventRounds "9"]
[EventCountry "AUT"]

1.e4 e6 2.d4 d5 3.Nd2 Nf6 4.e5 Nfd7 5.Bd3 c5 6.c3 Nc6 7.Ne2 cxd4 8.cxd4 f6
9.exf6 Qxf6 10.Nf3 h6 11.O-O Bd6 12.Be3 O-O 13.Bc2 Rf7 14.Ng3 Nf8 15.Qd2 Bd7
16.a3 Be8 17.Nh5 Qd8 18.Bf4 Bxf4 19.Nxf4 Qd6 20.Ne2 Rf6 21.Rfe1 Bg6 22.Rac1 Bxc2
23.Rxc2 Ng6 24.Rc3 Raf8 25.Re3 a6 26.Qd3 e5 27.Nxe5 Ngxe5 28.dxe5 Nxe5 29.Qd4
Nc6 30.Qg4 Rxf2 31.Ng3 Qc5 32.h3 R2f4 33.Qe6+ Kh7 34.Kh2 Nd4 35.Qd7 R8f7 36.Qd8
Rf2 37.Re8 Nf3+ 38.Kh1 Nxe1 39.Rh8+ Kg6 0-1

[Event "17. Int. Offene Wiener Schachmeisterschaft 2011 A-
[Site "Grosser Festsaal im Wiener Rathaus"]
[Date "2011.08.15"]
[Round "3"]
[Board "1"]
[White "Petrov, Marijan"]
[Black "De Groote, Ewoud"]
[Result "1-0"]
[WhiteElo "2534"]
[BlackElo "2263"]
[PlyCount "45"]
[EventDate "2011.08.13"]
[EventRounds "9"]
[EventCountry "AUT"]

1.e4 c5 2.Nf3 e6 3.g3 Nc6 4.Bg2 Qc7 5.O-O a6 6.c3 Nf6 7.Re1 Be7 8.d4 cxd4 9.e5
Nd5 10.Nxd4 O-O 11.c4 Nb6 12.Nxc6 bxc6 13.b3 Bb7 14.Nc3 Rad8 15.Qg4 f5 16.exf6
Bxf6 17.Bf4 e5 18.Be3 Bc8 19.c5 Na8 20.Qc4+ Kh8 21.Ne4 Be7 22.Rad1 Qa5 23.a4 1-0

[Event "17. Int. Offene Wiener Schachmeisterschaft 2011 A-
[Site "Grosser Festsaal im Wiener Rathaus"]
[Date "2011.08.15"]
[Round "3"]
[Board "1"]
[White "Brustkern, Juergen"]
[Black "Stanec, Nikolaus"]
[Result "0-1"]
[WhiteElo "2281"]
[BlackElo "2536"]
[PlyCount "148"]
[EventDate "2011.08.13"]
[EventRounds "9"]
[EventCountry "AUT"]

1.d4 Nf6 2.c4 d6 3.Nc3 Nbd7 4.e4 e5 5.d5 Be7 6.Nge2 Nc5 7.Ng3 h5 8.f3 h4 9.Nge2
Nh7 10.Be3 Bg5 11.Bf2 a5 12.Nc1 b6 13.Nd3 Nf6 14.Qc2 Nh5 15.g3 Bd7 16.Be2 g6
17.b3 Nf6 18.g4 Nxd3+ 19.Bxd3 Nh7 20.Qe2 Bf4 21.Kd1 Ng5 22.Kc2 Nh3 23.Be3 O-O
24.Rae1 c6 25.dxc6 Bxc6 26.a4 Bxe3 27.Qxe3 Nf4 28.Rd1 Ne6 29.Be2 Kg7 30.Rd2 Qc7
31.Rhd1 Rad8 32.Kb2 Rd7 33.Rc1 Qd8 34.Rcd1 Nc5 35.Ka3 Qe7 36.Kb2 Rb8 37.Nd5 Bxd5
38.cxd5 Qf6 39.Bb5 Re7 40.Rc2 Qf4 41.Qf2 Rh8 42.Rg1 f6 43.Qe2 Rf7 44.Rc3 Kf8
45.Bd3 Rg8 46.Bc2 Kg7 47.Rg2 Rc8 48.h3 Rfc7 49.Kb1 Kh6 50.Rc4 Rb8 51.g5+ fxg5
52.Rg4 Qf6 53.Qe3 Rf7 54.Rc3 b5 55.axb5 Rxb5 56.Ka2 Rb8 57.Rxh4+ Kg7 58.Rg4 Rh8
59.Rxg5 Rxh3 60.Qg1 Rh6 61.Rg4 Rh4 62.Rg5 Rf4 63.Bd1 Kh6 64.Rg3 Rh4 65.Rc2 Nd3
66.Rc6 Kg7 67.Ka3 Nc5 68.Bc2 Rh6 69.Qe1 Rh2 70.Qc3 Rb7 71.Rg4 Rf2 72.Bd1 Rf1
73.Bc2 Rxf3 74.Qxa5 Rfxb3+ 0-1

[Event "17. Int. Offene Wiener Schachmeisterschaft 2011 A-
[Site "Grosser Festsaal im Wiener Rathaus"]
[Date "2011.08.15"]
[Round "3"]
[Board "1"]
[White "Bykov, Alexey"]
[Black "Gozzoli, Yannick"]
[Result "1/2-1/2"]
[WhiteElo "2278"]
[BlackElo "2532"]
[PlyCount "46"]
[EventDate "2011.08.13"]
[EventRounds "9"]
[EventCountry "AUT"]

1.d4 Nf6 2.c4 e6 3.Nf3 d5 4.g3 dxc4 5.Bg2 Bb4+ 6.Bd2 c5 7.dxc5 Bxc5 8.Qa4+ Nbd7
9.O-O O-O 10.Qxc4 b5 11.Qb3 Bb7 12.Qxb5 Rb8 13.Qa4 Ne4 14.Nc3 Nxf2 15.Rxf2 Bxf3
16.Bxf3 Ne5 17.Qc2 Nxf3+ 18.exf3 Bxf2+ 19.Kxf2 Qb6+ 20.Ke2 Qa6+ 21.Kf2 Qb6+
22.Ke2 Qa6+ 23.Kf2 Qb6+ 1/2-1/2

[Event "17. Int. Offene Wiener Schachmeisterschaft 2011 A-
[Site "Grosser Festsaal im Wiener Rathaus"]
[Date "2011.08.15"]
[Round "3"]
[Board "1"]
[White "Shengelia, David"]
[Black "Larmuseau, Maarten"]
[Result "1-0"]
[WhiteElo "2513"]
[BlackElo "2222"]
[PlyCount "125"]
[EventDate "2011.08.13"]
[EventRounds "9"]
[EventCountry "AUT"]

1.d4 Nf6 2.c4 e6 3.Nf3 c5 4.d5 exd5 5.cxd5 d6 6.Nc3 g6 7.h3 Qe7 8.Qa4+ Bd7 9.Qb3
Bc8 10.Bf4 a6 11.a4 Bg7 12.Nd2 Nbd7 13.Nc4 Ne5 14.Bxe5 dxe5 15.e4 O-O 16.Be2 Ne8
17.Qb6 f5 18.d6 Qf7 19.Qxc5 Be6 20.Nb6 Rd8 21.Rd1 Nf6 22.exf5 gxf5 23.Bc4 Kh8
24.Bxe6 Qxe6 25.O-O Nd7 26.Qd5 Qxd5 27.Ncxd5 e4 28.Nxd7 Rxd7 29.Nb6 Rdd8 30.Rd2
f4 31.b3 Bc3 32.Rc2 Bb4 33.d7 Ba5 34.Nc4 Bc7 35.Rd1 Rf7 36.Rcd2 b5 37.axb5 axb5
38.Nd6 Rfxd7 39.Nf7+ Rxf7 40.Rxd8+ Bxd8 41.Rxd8+ Kg7 42.Re8 e3 43.fxe3 fxe3
44.Rxe3 Rf4 45.Rf3 Rd4 46.Kf2 Rd2+ 47.Kg3 Kg6 48.Re3 Rc2 49.Kf3 Rd2 50.g3 Kf6
51.Ke4 Ke6 52.Rd3 Re2+ 53.Kf4 Rc2 54.h4 Rc5 55.g4 Ke7 56.g5 b4 57.Rd4 Rb5 58.Ke4
Kf7 59.Rd7+ Kg8 60.Kd4 h6 61.Kc4 Rb6 62.Kc5 Rg6 63.Rd6 1-0

[Event "17. Int. Offene Wiener Schachmeisterschaft 2011 A-
[Site "Grosser Festsaal im Wiener Rathaus"]
[Date "2011.08.15"]
[Round "3"]
[Board "1"]
[White "Kirschner, Alexander"]
[Black "Krivoborodov, Egor"]
[Result "0-1"]
[WhiteElo "2268"]
[BlackElo "2507"]
[PlyCount "109"]
[EventDate "2011.08.13"]
[EventRounds "9"]
[EventCountry "AUT"]

1.c4 c6 2.e4 d5 3.exd5 cxd5 4.cxd5 Nf6 5.Qa4+ Nbd7 6.Nc3 g6 7.Nf3 Bg7 8.Bc4 O-O
9.d3 a6 10.Qa3 Nb6 11.Qb3 Nxc4 12.dxc4 b5 13.O-O bxc4 14.Qxc4 e6 15.dxe6 Bxe6
16.Qh4 Nd5 17.Bg5 Qb6 18.Bh6 Qxb2 19.Bxg7 Kxg7 20.Qd4+ f6 21.Nxd5 Qxd4 22.Nxd4
Bxd5 23.Rfd1 Bf7 24.Rd2 a5 25.a4 Rfd8 26.f3 Rac8 27.Kf2 Rd5 28.Ke3 Rc4 29.f4 Rb4
30.g3 Rc5 31.Rc2 Rxc2 32.Nxc2 Rb2 33.Kd3 Be6 34.Nd4 Bd7 35.Rc1 Bxa4 36.Rc7+ Kh6
37.Rc5 Ra2 38.Ke3 Bd1 39.Rc6 Rxh2 40.Rxf6 Rg2 41.Ra6 a4 42.f5 Rxg3+ 43.Kf4 Rg1
44.fxg6 Rf1+ 45.Kg3 hxg6 46.Ra5 Rf6 47.Rd5 Ra6 48.Nb5 Bb3 49.Rd2 Bf7 50.Rf2 a3
51.Nd4 a2 52.Nc2 Ra3+ 53.Kh2 Rc3 54.Na1 Bc4 55.Nc2 0-1

[Event "17. Int. Offene Wiener Schachmeisterschaft 2011 A-
[Site "Grosser Festsaal im Wiener Rathaus"]
[Date "2011.08.15"]
[Round "3"]
[Board "1"]
[White "Krallmann, Matthias"]
[Black "Rombaldoni, Denis"]
[Result "1/2-1/2"]
[WhiteElo "2259"]
[BlackElo "2495"]
[PlyCount "41"]
[EventDate "2011.08.13"]
[EventRounds "9"]
[EventCountry "AUT"]

1.d4 Nf6 2.c4 e6 3.g3 d5 4.Nf3 Bb4+ 5.Bd2 a5 6.Bg2 dxc4 7.O-O b5 8.a4 Bxd2
9.Nfxd2 Ra7 10.axb5 Qxd4 11.Qa4 Bd7 12.Nxc4 Qc5 13.Nc3 Nd5 14.Ne4 Qe7 15.Nxa5
O-O 16.Qb3 Qe8 17.Nc3 Nxc3 18.bxc3 Bxb5 19.c4 Bd7 20.Qe3 Ra6 21.c5 1/2-1/2

[Event "17. Int. Offene Wiener Schachmeisterschaft 2011 A-
[Site "Grosser Festsaal im Wiener Rathaus"]
[Date "2011.08.15"]
[Round "3"]
[Board "1"]
[White "Srienz, Christian"]
[Black "Farago, Ivan"]
[Result "0-1"]
[WhiteElo "2259"]
[BlackElo "2485"]
[PlyCount "54"]
[EventDate "2011.08.13"]
[EventRounds "9"]
[EventCountry "AUT"]

1.c4 e5 2.g3 Nf6 3.Bg2 d5 4.cxd5 Nxd5 5.Nc3 Nb6 6.Nf3 Nc6 7.O-O Be7 8.a3 a5 9.d3
Be6 10.Be3 Nd5 11.Bd2 O-O 12.Rc1 Qd7 13.Re1 f6 14.Qc2 Rfd8 15.Na4 Kh8 16.Nc5
Bxc5 17.Qxc5 a4 18.Bb4 Ncxb4 19.axb4 b6 20.Qc4 Nf4 21.Qxc7 Nxe2+ 22.Rxe2 Rac8
23.Qxb6 Rxc1+ 24.Re1 Rdc8 25.Qe3 Rxe1+ 26.Nxe1 Qd4 27.Qxd4 exd4 0-1

[Event "17. Int. Offene Wiener Schachmeisterschaft 2011 A-
[Site "Grosser Festsaal im Wiener Rathaus"]
[Date "2011.08.15"]
[Round "3"]
[Board "1"]
[White "Fauland, Alexander"]
[Black "Radnetter, Georg"]
[Result "1-0"]
[WhiteElo "2477"]
[BlackElo "2257"]
[PlyCount "41"]
[EventDate "2011.08.13"]
[EventRounds "9"]
[EventCountry "AUT"]

1.d4 Nf6 2.c4 e6 3.Nf3 Bb4+ 4.Bd2 c5 5.Bxb4 cxb4 6.g3 O-O 7.Bg2 d6 8.O-O Nc6
9.Nbd2 e5 10.d5 Nb8 11.c5 dxc5 12.Nxe5 Re8 13.Ndc4 b5 14.Nc6 Nxc6 15.dxc6 Qe7
16.c7 bxc4 17.Bxa8 Qxc7 18.Bf3 Nd7 19.Qa4 Re5 20.Rfd1 Nb6 21.Qxa7 1-0

[Event "17. Int. Offene Wiener Schachmeisterschaft 2011 A-
[Site "Grosser Festsaal im Wiener Rathaus"]
[Date "2011.08.15"]
[Round "3"]
[Board "1"]
[White "Krebs, Johann"]
[Black "Rau, Hannes"]
[Result "0-1"]
[WhiteElo "2256"]
[BlackElo "2448"]
[PlyCount "94"]
[EventDate "2011.08.13"]
[EventRounds "9"]
[EventCountry "AUT"]

1.d4 Nf6 2.c4 e6 3.Nc3 c5 4.d5 exd5 5.cxd5 d6 6.Nf3 g6 7.Nd2 Bg7 8.e4 O-O 9.Be2
Re8 10.O-O Nbd7 11.a4 a6 12.f4 b6 13.Qc2 Nf8 14.Ra3 Rb8 15.Rb3 Ng4 16.Bxg4 Bxg4
17.Nc4 Bd4+ 18.Be3 b5 19.axb5 Bxc3 20.bxc3 axb5 21.Rfb1 Qe7 22.f5 Qxe4 23.Qxe4
Rxe4 24.Rxb5 Rxb5 25.Rxb5 Rxc4 26.Rb8 Kg7 27.f6+ Kxf6 28.Rxf8 Rxc3 29.Bf4 Ke7
30.Rh8 Rd3 31.Bg5+ Kd7 32.Rxh7 Rxd5 33.Rxf7+ Ke8 34.Re7+ Kf8 35.Bf6 Rf5 36.Bh4
g5 37.Re4 gxh4 38.Rxg4 h3 39.gxh3 d5 40.h4 c4 41.Kg2 Ke7 42.Kg3 c3 43.Rg8 Rf8
44.Rg7+ Kd6 45.Rg6+ Kc5 46.Rg7 d4 47.Rd7 Kc4 0-1

[Event "17. Int. Offene Wiener Schachmeisterschaft 2011 A-
[Site "Grosser Festsaal im Wiener Rathaus"]
[Date "2011.08.15"]
[Round "3"]
[Board "1"]
[White "Diermair, Andreas"]
[Black "Scharrer, Patrick"]
[Result "1/2-1/2"]
[WhiteElo "2432"]
[BlackElo "2233"]
[PlyCount "24"]
[EventDate "2011.08.13"]
[EventRounds "9"]
[EventCountry "AUT"]

1.d4 g6 2.c4 Bg7 3.Nf3 d6 4.g3 Nd7 5.Bg2 e5 6.O-O Ne7 7.Nc3 O-O 8.e4 exd4 9.Nxd4
Nc6 10.Be3 Nde5 11.Nxc6 bxc6 12.Qa4 Be6 1/2-1/2

[Event "17. Int. Offene Wiener Schachmeisterschaft 2011 A-
[Site "Grosser Festsaal im Wiener Rathaus"]
[Date "2011.08.15"]
[Round "3"]
[Board "1"]
[White "Namyslo, Holger"]
[Black "Poetz, Florian"]
[Result "0-1"]
[WhiteElo "2248"]
[BlackElo "2416"]
[PlyCount "134"]
[EventDate "2011.08.13"]
[EventRounds "9"]
[EventCountry "AUT"]

1.e4 c5 2.c3 d5 3.exd5 Qxd5 4.d4 g6 5.Nf3 Bg7 6.Be2 cxd4 7.cxd4 Nf6 8.Nc3 Qd8
9.O-O O-O 10.h3 Nbd7 11.Be3 Nb6 12.Qd2 Be6 13.Ng5 Bc4 14.Rfe1 Bxe2 15.Qxe2 Nbd5
16.Bd2 e6 17.Nf3 Rc8 18.Qb5 Qb6 19.a4 a6 20.Nxd5 Nxd5 21.Qxb6 Nxb6 22.Bb4 Rfd8
23.Ba5 Rd6 24.Ne5 Nd7 25.Rac1 Rxc1 26.Rxc1 Bf6 27.Nf3 Rd5 28.Bb4 a5 29.Bd2 Kg7
30.Be3 b5 31.b3 Nb6 32.Rc6 Bd8 33.Ne5 bxa4 34.bxa4 Nxa4 35.Ra6 Bc7 36.Ra7 Bxe5
37.dxe5 Nb2 38.Kf1 Nc4 39.Bg5 Nxe5 40.h4 h6 41.Bf4 Nc4 42.Ke2 g5 43.hxg5 hxg5
44.Bc1 Kg6 45.Rc7 Nd6 46.Ra7 Nc4 47.Rc7 Rd4 48.Ra7 f6 49.f3 g4 50.Ra8 Kf5 51.Ra6
e5 52.Ra8 gxf3+ 53.gxf3 Ke6 54.Re8+ Kd7 55.Ra8 f5 56.Rf8 f4 57.Rb8 Kc7 58.Rb5
Kc6 59.Rb8 Kc5 60.Ra8 Kb4 61.Rb8+ Kc3 62.Rc8 Kb3 63.Rc7 a4 64.Rc5 a3 65.Rb5+ Ka4
66.Rb8 a2 67.Rb7 a1=Q 0-1

[Event "17. Int. Offene Wiener Schachmeisterschaft 2011 A-
[Site "Grosser Festsaal im Wiener Rathaus"]
[Date "2011.08.15"]
[Round "3"]
[Board "1"]
[White "Schroll, Gerhard"]
[Black "Duport, Nicolas"]
[Result "0-1"]
[WhiteElo "2414"]
[BlackElo "2169"]
[PlyCount "44"]
[EventDate "2011.08.13"]
[EventRounds "9"]
[EventCountry "AUT"]

1.d4 Nf6 2.Nf3 e6 3.Bg5 c5 4.c3 d5 5.e3 Nc6 6.Nbd2 Be7 7.Bd3 O-O 8.O-O b6 9.Qe2
Bb7 10.a3 Ne4 11.Bxe7 Nxe7 12.Rfd1 Ng6 13.dxc5 Nxc5 14.Bc2 Qf6 15.e4 Nf4 16.Qe3
e5 17.exd5 Bxd5 18.c4 Bb7 19.b4 e4 20.Ne1 Ncd3 21.Nxe4 Bxe4 22.Qxe4 Nh3+ 0-1

[Event "17. Int. Offene Wiener Schachmeisterschaft 2011 A-
[Site "Grosser Festsaal im Wiener Rathaus"]
[Date "2011.08.15"]
[Round "3"]
[Board "1"]
[White "Ortiz, Nadya"]
[Black "Zeller, Frank"]
[Result "1/2-1/2"]
[WhiteElo "2242"]
[BlackElo "2395"]
[PlyCount "110"]
[EventDate "2011.08.13"]
[EventRounds "9"]
[EventCountry "AUT"]

1.e4 e5 2.Nf3 Nc6 3.Bb5 a6 4.Ba4 d6 5.O-O Bg4 6.h3 h5 7.Bxc6+ bxc6 8.d4 Qf6
9.Nbd2 Ne7 10.Re1 Bd7 11.Nc4 Qe6 12.Qd3 Ng6 13.Rd1 f6 14.d5 cxd5 15.exd5 Qf7
16.Qb3 Be7 17.Qb7 Rc8 18.Qxa6 O-O 19.Qa7 e4 20.Ne1 Bb5 21.Na3 Bd7 22.Nc4 Rfd8
23.f3 f5 24.Qf2 Bh4 25.g3 Bf6 26.fxe4 fxe4 27.Qg2 Rf8 28.c3 h4 29.g4 Bb5 30.Na3
Bf1 31.Qxe4 Rce8 32.Qf5 Bxh3 33.Nf3 Re2 34.Rd2 Ne7 35.Qd3 Rxd2 36.Bxd2 Bxg4
37.Nd4 Qxd5 38.Qc4 Rb8 39.Qxd5+ Nxd5 40.Nc4 Nb6 41.Ne3 Bd7 42.b3 c5 43.Ndf5 d5
44.Rf1 Rf8 45.Be1 Re8 46.Bd2 Re4 47.Nd6 Re6 48.Nb7 Be7 49.Nf5 Bf8 50.Nxh4 d4
51.Re1 Rc6 52.Na5 Rc8 53.Ng6 dxc3 54.Bxc3 Nd5 55.Nxf8 Rxf8 1/2-1/2

[Event "17. Int. Offene Wiener Schachmeisterschaft 2011 A-
[Site "Grosser Festsaal im Wiener Rathaus"]
[Date "2011.08.15"]
[Round "3"]
[Board "1"]
[White "Haast, Anne"]
[Black "Lekic, Dusan"]
[Result "0-1"]
[WhiteElo "2223"]
[BlackElo "2378"]
[PlyCount "64"]
[EventDate "2011.08.13"]
[EventRounds "9"]
[EventCountry "AUT"]

1.e4 c5 2.Nf3 d6 3.d4 cxd4 4.Nxd4 Nf6 5.Nc3 g6 6.Be3 Bg7 7.f3 Nc6 8.Qd2 O-O
9.O-O-O d5 10.exd5 Nxd5 11.Nxc6 bxc6 12.Bd4 e5 13.Bc5 Be6 14.Ne4 Re8 15.h4 h6
16.g4 Qc7 17.g5 h5 18.Bc4 Red8 19.Qe1 Nf4 20.Bd6 Rxd6 21.Nxd6 Bd5 22.Nb5 Qb6
23.Bxd5 cxd5 24.Nc3 e4 25.Na4 Qc6 26.b3 Nd3+ 27.Rxd3 exd3 28.Qd2 dxc2 29.Re1 Rc8
30.Qf4 Bf8 31.Qd2 Qxa4 32.bxa4 Ba3# 0-1

[Event "17. Int. Offene Wiener Schachmeisterschaft 2011 A-
[Site "Grosser Festsaal im Wiener Rathaus"]
[Date "2011.08.15"]
[Round "3"]
[Board "1"]
[White "Jakovljevic, Vlado"]
[Black "Villwock, Martin"]
[Result "1/2-1/2"]
[WhiteElo "2377"]
[BlackElo "2157"]
[PlyCount "44"]
[EventDate "2011.08.13"]
[EventRounds "9"]
[EventCountry "AUT"]

1.Nf3 c5 2.c4 Nc6 3.d4 cxd4 4.Nxd4 Qb6 5.Nb3 e6 6.Nc3 Nf6 7.a3 Be7 8.e4 Qc7
9.Be2 b6 10.Be3 Ba6 11.Rc1 Rc8 12.O-O O-O 13.c5 Bxe2 14.Qxe2 bxc5 15.Nxc5 Ne5
16.Nb5 Qb8 17.Na6 Qb7 18.Bc5 Bxc5 19.Nxc5 Qb6 20.Na4 Qa6 21.Nc5 Qb6 22.Na4 Qa6 1/2-1/2

[Event "17. Int. Offene Wiener Schachmeisterschaft 2011 A-
[Site "Grosser Festsaal im Wiener Rathaus"]
[Date "2011.08.15"]
[Round "3"]
[Board "1"]
[White "Stone, Andrew"]
[Black "Schachinger, Mario"]
[Result "1/2-1/2"]
[WhiteElo "2231"]
[BlackElo "2360"]
[PlyCount "49"]
[EventDate "2011.08.13"]
[EventRounds "9"]
[EventCountry "AUT"]

1.c4 Nf6 2.g3 c6 3.Bg2 d5 4.Nf3 dxc4 5.O-O Nbd7 6.Na3 Nb6 7.Qc2 Be6 8.Ng5 Bg4
9.f3 Bh5 10.Nxc4 Qd4+ 11.Ne3 h6 12.Nh3 Bg6 13.Qb3 e5 14.Nf2 Bc5 15.Nc2 Qc4
16.Qxc4 Nxc4 17.d3 a5 18.e4 Nd6 19.Be3 Bxe3 20.Nxe3 Nd7 21.Bh3 f6 22.Rfd1 Rd8
23.d4 Ke7 24.d5 c5 25.Rac1 1/2-1/2

[Event "17. Int. Offene Wiener Schachmeisterschaft 2011 A-
[Site "Grosser Festsaal im Wiener Rathaus"]
[Date "2011.08.15"]
[Round "3"]
[Board "1"]
[White "Schneider-Zinner, Harald"]
[Black "Ernst, Michael"]
[Result "1-0"]
[WhiteElo "2346"]
[BlackElo "2146"]
[PlyCount "87"]
[EventDate "2011.08.13"]
[EventRounds "9"]
[EventCountry "AUT"]

1.c4 e6 2.g3 Nf6 3.Bg2 d5 4.Nf3 dxc4 5.Qa4+ Nbd7 6.Qxc4 a6 7.Qc2 Be7 8.d4 O-O
9.Bg5 c5 10.dxc5 Nxc5 11.O-O Nd5 12.Bxe7 Qxe7 13.Nc3 Nb4 14.Qb1 Ra7 15.a3 Nc6
16.b4 Nd7 17.Rc1 b6 18.Nd5 exd5 19.Rxc6 Qxe2 20.Ra2 Qe4 21.Rac2 Ra8 22.Qc1 Qe8
23.Bh3 Ne5 24.Rxc8 Nxf3+ 25.Kh1 Qe1+ 26.Qxe1 Nxe1 27.Rxa8 Rxa8 28.Re2 Nf3 29.Bg2
Nd4 30.Re7 Kf8 31.Rd7 Ne6 32.Bxd5 Rc8 33.Bxe6 fxe6 34.Ra7 a5 35.bxa5 bxa5
36.Rxa5 Kf7 37.Rb5 Rc2 38.Kg2 Ra2 39.Rb3 g5 40.Kf3 h5 41.h3 g4+ 42.hxg4 hxg4+
43.Kxg4 Kg6 44.f4 1-0

[Event "17. Int. Offene Wiener Schachmeisterschaft 2011 A-
[Site "Grosser Festsaal im Wiener Rathaus"]
[Date "2011.08.15"]
[Round "3"]
[Board "1"]
[White "Klocker, Benedikt"]
[Black "Buljubasic, Sabahudin"]
[Result "0-1"]
[WhiteElo "2218"]
[BlackElo "2333"]
[PlyCount "104"]
[EventDate "2011.08.13"]
[EventRounds "9"]
[EventCountry "AUT"]

1.d4 Nf6 2.c4 g6 3.g3 Bg7 4.Bg2 O-O 5.Nc3 d6 6.Nf3 Nbd7 7.O-O e5 8.e4 exd4
9.Nxd4 Nc5 10.h3 Re8 11.Re1 a5 12.Nb3 Ncd7 13.Be3 Ne5 14.Qe2 Be6 15.Nd5 Qc8
16.Kh2 h5 17.Nd4 Ned7 18.Nxe6 Rxe6 19.Qc2 c6 20.Nf4 Re7 21.Rad1 Qc7 22.Ne2 Rae8
23.Nc3 h4 24.Qd2 hxg3+ 25.fxg3 Nh5 26.Bf3 Ne5 27.Bxh5 Nxc4 28.Qe2 Nxe3 29.Qxe3
gxh5 30.Qf4 Re6 31.Rd3 Rf6 32.Qd2 Qb6 33.Kg2 Qc5 34.Na4 Qb5 35.b3 Rfe6 36.Rxd6
Rxe4 37.Rxe4 Rxe4 38.Rd8+ Kh7 39.Nc3 Bxc3 40.Qxc3 Qe2+ 41.Kg1 Qe1+ 42.Qxe1 Rxe1+
43.Kf2 Ra1 44.Rd7 Rxa2+ 45.Ke3 b5 46.Rxf7+ Kg8 47.Rc7 Ra3 48.Rxc6 Rxb3+ 49.Kf4
a4 50.Ra6 a3 51.g4 hxg4 52.hxg4 Rb4+ 0-1

[Event "17. Int. Offene Wiener Schachmeisterschaft 2011 A-
[Site "Grosser Festsaal im Wiener Rathaus"]
[Date "2011.08.15"]
[Round "3"]
[Board "1"]
[White "Delorme, Laurie"]
[Black "Froewis, Georg"]
[Result "0-1"]
[WhiteElo "2215"]
[BlackElo "2329"]
[PlyCount "48"]
[EventDate "2011.08.13"]
[EventRounds "9"]
[EventCountry "AUT"]

1.d4 d5 2.c4 e6 3.Nc3 c6 4.Nf3 Nf6 5.Bg5 dxc4 6.e4 b5 7.e5 h6 8.Bh4 g5 9.Nxg5
hxg5 10.Bxg5 Nbd7 11.exf6 Qa5 12.g3 b4 13.Ne4 Ba6 14.Bg2 c3 15.b3 O-O-O 16.Qc2
e5 17.O-O-O exd4 18.Rxd4 Bc5 19.Rd6 Bxd6 20.Nxd6+ Kc7 21.Nxf7 Qa3+ 22.Kd1 Ne5+
23.Nxd8 Rxd8+ 24.Ke1 Qb2 0-1

[Event "17. Int. Offene Wiener Schachmeisterschaft 2011 A-
[Site "Grosser Festsaal im Wiener Rathaus"]
[Date "2011.08.15"]
[Round "3"]
[Board "1"]
[White "Georgiadis, Nico"]
[Black "Petermann, Michail"]
[Result "1-0"]
[WhiteElo "2328"]
[BlackElo "2149"]
[PlyCount "93"]
[EventDate "2011.08.13"]
[EventRounds "9"]
[EventCountry "AUT"]

1.e4 c5 2.Nc3 Nc6 3.f4 e6 4.Nf3 g6 5.Bb5 Bg7 6.O-O Nge7 7.d3 Nd4 8.Nxd4 cxd4
9.Ne2 O-O 10.Ba4 d6 11.Qe1 a6 12.Bd2 b5 13.Bb3 Bd7 14.Qf2 Nc6 15.Ng3 a5 16.a3
Kh8 17.f5 Qf6 18.Qe1 Qe7 19.Bf4 Rae8 20.Qf2 h6 21.Rae1 Bc8 22.f6 Qxf6 23.Bxd6
Qxf2+ 24.Rxf2 Ne7 25.a4 b4 26.Bc4 Bd7 27.Bb5 Bxb5 28.axb5 f6 29.Ra1 Rf7 30.Rxa5
b3 31.cxb3 Nc8 32.Bc5 f5 33.b4 Rb7 34.Re2 Rd8 35.exf5 exf5 36.Re6 Kh7 37.b6 Rdd7
38.Ra8 Ne7 39.Bxe7 Rxe7 40.Rxe7 Rxe7 41.Ra7 Re6 42.b7 Rb6 43.Nf1 h5 44.Nd2 Kh6
45.Nc4 Rxb4 46.Na5 Rxb2 47.Nc6 1-0

[Event "17. Int. Offene Wiener Schachmeisterschaft 2011 A-
[Site "Grosser Festsaal im Wiener Rathaus"]
[Date "2011.08.15"]
[Round "3"]
[Board "1"]
[White "Leitner, Gerald"]
[Black "Wallner, Joachim"]
[Result "0-1"]
[WhiteElo "2212"]
[BlackElo "2328"]
[PlyCount "94"]
[EventDate "2011.08.13"]
[EventRounds "9"]
[EventCountry "AUT"]

1.d4 d5 2.c4 c6 3.Nc3 Nf6 4.Nf3 a6 5.a4 g6 6.Bf4 Bg7 7.e3 O-O 8.Qb3 e6 9.cxd5
exd5 10.Bxb8 Rxb8 11.Bxa6 Bg4 12.Be2 Ne4 13.h3 Be6 14.Qc2 f5 15.Bd3 Qe7 16.O-O
Bd7 17.Rab1 Ra8 18.Nd2 Bh6 19.Nf3 Bg7 20.Ra1 Rae8 21.Ne2 g5 22.Nh2 h5 23.Rae1 h4
24.Nc3 g4 25.Bxe4 dxe4 26.hxg4 fxg4 27.g3 Bf5 28.Ne2 Bh6 29.Kg2 Rf7 30.Rc1 Qf6
31.b4 Bf8 32.b5 cxb5 33.axb5 Bd6 34.Qc4 Be6 35.Qc2 Bd7 36.Qb3 Be6 37.Qc2 Bf5
38.Qc4 Kg7 39.Nf4 Rh8 40.Rc2 Bxf4 41.exf4 e3 42.fxe3 hxg3 43.Nxg4 Bxg4 44.Rg1
Re7 45.Qb3 Rh2+ 46.Kf1 Bh3+ 47.Ke1 Qxf4 0-1

[Event "17. Int. Offene Wiener Schachmeisterschaft 2011 A-
[Site "Grosser Festsaal im Wiener Rathaus"]
[Date "2011.08.15"]
[Round "3"]
[Board "1"]
[White "Feher, Adam"]
[Black "Aripov, Iskandar"]
[Result "1-0"]
[WhiteElo "2323"]
[BlackElo "2123"]
[PlyCount "55"]
[EventDate "2011.08.13"]
[EventRounds "9"]
[EventCountry "AUT"]

1.e4 c5 2.Nf3 g6 3.d4 Bg7 4.dxc5 Qa5+ 5.c3 Qxc5 6.Na3 Nf6 7.Nb5 b6 8.Bd3 Bb7
9.Bf4 d6 10.b4 Qc6 11.O-O O-O 12.Re1 Nbd7 13.Rc1 e5 14.Bg3 d5 15.exd5 Nxd5 16.c4
N5f6 17.Bf1 Rfd8 18.Qb3 Ne4 19.Rxe4 Qxe4 20.Nd6 Qc6 21.c5 Rf8 22.Rd1 a6 23.Ng5
Nf6 24.Ngxf7 Qc7 25.Nh6+ Kh8 26.Ndf7+ Rxf7 27.Nxf7+ Kg8 28.Nxe5+ 1-0

[Event "17. Int. Offene Wiener Schachmeisterschaft 2011 A-
[Site "Grosser Festsaal im Wiener Rathaus"]
[Date "2011.08.15"]
[Round "3"]
[Board "1"]
[White "Noordhoek, Henk"]
[Black "Goumas, Georgios"]
[Result "0-1"]
[WhiteElo "2115"]
[BlackElo "2323"]
[PlyCount "74"]
[EventDate "2011.08.13"]
[EventRounds "9"]
[EventCountry "AUT"]

1.Nf3 c5 2.g3 Nc6 3.d4 cxd4 4.Nxd4 g6 5.Bg2 Bg7 6.Nb3 Nf6 7.O-O O-O 8.c4 d6
9.Nc3 a5 10.Nd4 Nxd4 11.Qxd4 Nd7 12.Qd2 Ne5 13.b3 a4 14.Rb1 Bf5 15.e4 Bd7 16.f4
Ng4 17.h3 Nf6 18.Kh1 Ra5 19.Qd3 Rh5 20.h4 Ng4 21.Bf3 Bf6 22.Kg2 Bxh4 23.Bxg4
Bxg4 24.gxh4 e5 25.Qg3 f5 26.Be3 Qd7 27.Nd5 fxe4 28.fxe5 Bf3+ 29.Kg1 dxe5 30.Bg5
Qe6 31.bxa4 Qd7 32.Rb6 Rf5 33.Nf6+ Rxf6 34.Bxf6 Qd4+ 35.Qf2 e3 36.Qb2 Qg4+
37.Kh2 Rxh4+ 0-1